000 00261nam a2200109Ia 4500
008 240625s9999 xx 000 0 und d
041 _aeng
082 _a828 HAS
100 _aHASAN MUSHIRUL
245 _aFROM GHALIB S DILLI TO LUTYENS NEW DELHI
260 _c2014
999 _c35090
_d35090